000 00643nas a2200229 4500
001 BR8502794
003 BR-BrBNA
005 20231205090212.0
007 ta
008 230509b bl.|||p| |||| 00| 00por d
040 _aBR-BrBNA
_bpor
_cBiblioteca Nacional de Agricultura
041 _a(Pt)
072 _aL01; N10
100 1 _aBellaver, C.
100 1 _aFreitas, A.R. de
245 1 _aQue altura deve ter o comedouro para suinos?
650 _aSUÍNO
650 _aCOMEDOURO
773 0 _tLavoura (Brazil)
_xISSN 0023-9135
_g(Nov-Dec 1984), v. 87 p. 18
_wBR8502794
909 _a202311
_bLúcia
_c55
_dLúcia Elande
942 _2AGRIS
_n0
_cANA
999 _c116772
_d116772